000 00340nam a22001337a 4500
008 171127b xxu||||| |||| 00| 0 eng d
020 _a9789928226365
041 _aalb
080 _a612.39
100 _a10
101 _aSHU
245 _aUDHEZUES PER TRANSPORTIN E SIGURT TE PRODUKTEVE TE MBROJTJES SE BIMEVE
_cCARA, M
942 _2udc
_cBK
999 _c38585
_d38585